Trust and Rationality An Integrative Framework for Trust Research /

Combining economic, social-psychological and sociological approaches to trust, this book provides a general theoretical framework to causally explain conditional and unconditional trust; it also presents an experimental test of the corresponding integrative model and its predictions. Broadly, it aim...

Full description

Bibliographic Details
Main Author: Rompf, Stephan Alexander (Author)
Corporate Author: SpringerLink (Online service)
Format: Electronic eBook
Language:English
Published: Wiesbaden : Springer Fachmedien Wiesbaden : Imprint: Springer VS, 2015.
Series:Forschung und Entwicklung in der Analytischen Soziologie
Subjects:
Online Access:Full Text via HEAL-Link
LEADER 03666nam a22004575i 4500
001 978-3-658-07327-5
003 DE-He213
005 20151120191504.0
007 cr nn 008mamaa
008 141001s2015 gw | s |||| 0|eng d
020 |a 9783658073275  |9 978-3-658-07327-5 
024 7 |a 10.1007/978-3-658-07327-5  |2 doi 
040 |d GrThAP 
050 4 |a H61 
072 7 |a JHB  |2 bicssc 
072 7 |a SOC026000  |2 bisacsh 
082 0 4 |a 300.1  |2 23 
100 1 |a Rompf, Stephan Alexander.  |e author. 
245 1 0 |a Trust and Rationality  |h [electronic resource] :  |b An Integrative Framework for Trust Research /  |c by Stephan Alexander Rompf. 
264 1 |a Wiesbaden :  |b Springer Fachmedien Wiesbaden :  |b Imprint: Springer VS,  |c 2015. 
300 |a XIV, 415 p. 48 illus.  |b online resource. 
336 |a text  |b txt  |2 rdacontent 
337 |a computer  |b c  |2 rdamedia 
338 |a online resource  |b cr  |2 rdacarrier 
347 |a text file  |b PDF  |2 rda 
490 1 |a Forschung und Entwicklung in der Analytischen Soziologie 
505 0 |a Objective Structure & Subjective Experience -- Trust and Rationality -- Explaining Conditional and Unconditional Trust -- Empirical Test and Synthesis.                                                                                                                                                                               . 
520 |a Combining economic, social-psychological and sociological approaches to trust, this book provides a general theoretical framework to causally explain conditional and unconditional trust; it also presents an experimental test of the corresponding integrative model and its predictions. Broadly, it aims at advancing a cognitive turn in trust research by highlighting the importance of (1) an actor´s context-dependent definition of the situation and (2) the flexible and dynamic degree of rationality involved. In essence, trust is as “multi-faceted” as there are cognitive routes that take us to the choice of a trusting act. Therefore, variable rationality has to be incorporated as an orthogonal dimension to the typological space of trust. The theory presents an analytically tractable model; the empirical test combines trust games, high- and low-incentive conditions, framing manipulations, and psychometric measurements, and is complemented by decision-time analyses.  Contents Objective Structure & Subjective Experience Trust and Rationality Explaining Conditional and Unconditional Trust Empirical Test and Synthesis  Target Groups Researchers and students of sociology, economics, social psychology, law, trust Organizational management and executives, organizational/marketing research, political consulting          About the Author Dr. Stephan Alexander Rompf studied Sociology and Economics at the University of Mannheim and Jawaharlal Nehru University (JNU) in New Delhi, India. He is currently working as a financial analyst.  . 
650 0 |a Social sciences. 
650 0 |a Sociology. 
650 0 |a Cognitive psychology. 
650 1 4 |a Social Sciences. 
650 2 4 |a Sociological Theory. 
650 2 4 |a Cognitive Psychology. 
710 2 |a SpringerLink (Online service) 
773 0 |t Springer eBooks 
776 0 8 |i Printed edition:  |z 9783658073268 
830 0 |a Forschung und Entwicklung in der Analytischen Soziologie 
856 4 0 |u http://dx.doi.org/10.1007/978-3-658-07327-5  |z Full Text via HEAL-Link 
912 |a ZDB-2-SHU 
950 |a Humanities, Social Sciences and Law (Springer-11648)